| 000 | 02032nam0a2200421 i 4500 | ||
|---|---|---|---|
| 001 | RU\NLR\BIBL_A\011003015 | ||
| 005 | 20240921195408.0 | ||
| 010 |
_a9785922116695 _9500 |
||
| 021 |
_aRU _b2016-9503 _9618 |
||
| 035 | _a(NILC)RuMoRGB-008139287 | ||
| 035 | _a(NLR Aleph) 011003015 | ||
| 090 |
_a10976635 _c10976635 |
||
| 100 | _a20160229d2016 km y0rusy50 ca | ||
| 101 | 0 | _arus | |
| 102 | _aRU | ||
| 105 | _aa|||z||||01yy | ||
| 200 | 1 |
_aПоверхностные свойства сплавов на основе свинца, олова, индия, кадмия _fР. Х. Дадашев, Р. А. Кутуев, В. А. Созаев |
|
| 210 |
_aМосква _cФизматлит _d2016 _d[т. е. 2015] |
||
| 215 |
_a207 с. _cил. _d22 |
||
| 300 | _aНа 4-й с. обл. авт.: Дадашев Р. Х., д. ф.-м. н., проф., Кутуев Р. А., к. ф.-м. н., доц., Созаев В. А., д. ф.-м. н., проф. | ||
| 300 | _aКн. фактически изд. в 2015 г. | ||
| 320 | _aБиблиогр.: с. 188-207 (297 назв.) | ||
| 606 | 1 |
_aЖидкие металлы _xПоверхностное натяжение _xОпределение _92106965 _3RU\NLR\AUTH\661577292 |
|
| 606 | 1 |
_aСвинец-висмут, сплавы жидкие _xТеплофизические свойства _92104569 _3RU\NLR\AUTH\661272450 |
|
| 610 | 0 | _aповерхностное натяжение металлических расплавов | |
| 610 | 0 | _aсмачивание металлов расплавами | |
| 610 | 0 | _aметод лежащей капли | |
| 675 | _a669.0 | ||
| 686 | 1 | _aК342.403.9-13 | |
| 686 | 1 | _aК303-13 | |
| 700 | 1 |
_aДадашев _bР. Х. _gРайком Хасимханович |
|
| 701 | 1 |
_aКутуев _bР. А. _gРуслан Азаевич |
|
| 701 | 1 |
_aСозаев _bВ. А. _gВиктор Адыгеевич |
|
| 801 | 0 |
_aRU _bРГБ _c20160209 _gRCR |
|
| 942 | _cBOOK | ||
| 980 | _aNBR | ||